BMW Models Quiz - Statistics

General Stats
  • This quiz has been taken 115 times
  • The average score is 16 of 24
Answer Stats
Answer % Correct
X3
83%
X5
83%
X1
82%
X2
81%
X7
81%
X4
80%
3 Series
79%
X6
79%
5 Series
78%
4 Series
77%
2 Series
76%
6 Series
76%
7 Series
76%
1 Series
74%
8 Series
73%
M1
71%
I8
62%
I3
55%
IX
53%
Z4
50%
Z3
44%
Z1
38%
XM
37%
Z8
31%
No matching quizzes found
Score Distribution
Percent of People with Each Score
Percentile by Number Answered
Your Score History
You have not taken this quiz